000
00248nam a2200109Ia 4500
008
190914s9999||||xx |||||||||||||| ||und||
100
_a
Robbins, Coulter
245
0
_a
Management
260
_a
New Delhi
_b
Dorling
_c
2005
300
_a
352
942
_c
BK
999
_c
9906
_d
9906